000 00259nam a2200097Ia 4500
001 1210565
005 20250827024420.0
008 250824s9999 xx 000 0 und d
245 0 _aBAMBAŞKA
_cKAHRAMAN TAZEOĞLU
260 _bDESTEK YAYINLARI
999 _c1210565
_d1210565